Culture Générale - Série 2523 - Statistiques

Statistiques générales
  • Ce quiz a été pris 81 fois
  • Le résultat moyen est 2 sur 10
Statistiques - réponses
Question Réponse % Correct
Quel animal est appelé "tacaud" ? poisson
54%
Qui demande beaucoup de temps : adjectif en 11 lettres commençant par " c " chronophage
42%
Nourriture des dieux de l'Olympe, source d'immortalité (mythologie) - Plante aromatique utilisée en infusions (thé du Mexique). ambroisie
23%
Dispositif qui indique si une voie de chemin de fer est libre ou non - Poste établi sur le littoral, permettant de communiquer par signaux optiques avec les navires sémaphore
23%
13ème signe astrologique - rapace tueur de serpents serpentaire
23%
Roche volcanique vitreuse et riche en silice - voir photo obsidienne
19%
Cordelière aux couleurs de la Légion d'honneur, de la Médaille militaire ou des croix de guerre, portée sur l'épaule gauche devenue, depuis 1916, l'insigne collectif attribué aux unités militaires plusieurs fois citées à l'ordre de l'armée. fourragère
14%
Ancienne mesure de longueur correspondant à l'intervalle compris entre l'extrémité du pouce et celle du petit doigt dans leur plus grand écart empan
13%
Partie de la tête du cheval qui va du front aux naseaux chanfrein
11%
Arbuste à fleurs blanches odorantes ,très répandu,célébré et planté comme protecteur des maisons au Danemark, en Suède et en Russie sureau
4%
Aucun quiz correspondant
Distribution des résultats
% des personnes avec chaque résultat
Percentile par nombre de réponses
Votre historique - résultats
Vous n’avez pas pris ce quiz